[Event "Liptovske Sliace op 14th"]
[Site "Liptovske Sliace"]
[Date "2024.04.27"]
[Round "6"]
[White "Bracha, Pavel"]
[Black "Gollner, Martin"]
[Result "1-0"]
[WhiteElo "1884"]
[BlackElo "1982"]
[PlyCount "61"]
[EventDate "2024.04.26"]
[EventType "swiss"]
[EventRounds "8"]
[EventCountry "SVK"]
[SourceTitle "CB20_2024"]
[SourceDate "2024.05.16"]
[SourceVersion "1"]
[SourceVersionDate "2024.05.16"]
[SourceQuality "1"]

1. e4 c5 2. Nf3 Nc6 3. d4 cxd4 4. Nxd4 Nf6 5. Nc3 e5 6. Nb3 Bb4 7. Bg5 0-0 8. f3 Qb6 9. Qd3 Nd4 10. 0-0-0 Bxc3 11. Qxc3 Nc6 12. Bxf6 gxf6 13. Rd6 Kg7 14. Qe1 Rg8 15. h4 Qc7 16. Qd2 a5 17. Rh3 a4 18. Rg3+ Kh8 19. Rxg8+ Kxg8 20. Na1 Kg7 21. f4 a3 22. b3 Ra5 23. Kb1 Nd4 24. fxe5 fxe5 25. Qh6+ Kg8 26. Bc4 Ne6 27. Rd3 Nf4 28. Rg3+ Ng6 29. Bxf7+ Kxf7 30. Qxh7+ Ke8 31. Rxg6 1-0

[Event "Liptovske Sliace op 14th"]
[Site "Liptovske Sliace"]
[Date "2024.04.27"]
[Round "4"]
[White "Kopecny, Filip"]
[Black "Gollner, Martin"]
[Result "1-0"]
[WhiteElo "1879"]
[BlackElo "1982"]
[PlyCount "61"]
[EventDate "2024.04.26"]
[EventType "swiss"]
[EventRounds "8"]
[EventCountry "SVK"]
[SourceTitle "CB20_2024"]
[SourceDate "2024.05.16"]
[SourceVersion "1"]
[SourceVersionDate "2024.05.16"]
[SourceQuality "1"]

1. Nf3 Nf6 2. c4 g6 3. d4 Bg7 4. g3 0-0 5. Bg2 d6 6. 0-0 Nbd7 7. Nc3 e5 8. e4 Re8 9. Re1 a5 10. b3 exd4 11. Nxd4 Nc5 12. Bb2 c6 13. Qc2 Ng4 14. Rad1 f5 15. h3 Nh6 16. a3 Qb6 17. Na4 Nxa4 18. bxa4 fxe4 19. Ba1 e3 20. fxe3 Bf5 21. Qf2 Re7 22. Nxf5 Nxf5 23. Bxg7 Nxg7 24. Rxd6 Rf8 25. Bd5+ Ne6 26. Rxe6 Rxe6 27. Bxe6+ Kg7 28. Qd2 c5 29. Bd5 Qd6 30. Kg2 Rf5 31. e4 1-0

[Event "SVK-ch U16"]
[Site "Tatralandia"]
[Date "2024.04.10"]
[Round "7"]
[White "Gollner, Martin"]
[Black "Roman, Dominik"]
[Result "1-0"]
[WhiteElo "1982"]
[BlackElo "1000"]
[PlyCount "57"]
[EventDate "2024.04.05"]
[EventType "swiss"]
[EventRounds "9"]
[EventCountry "SVK"]
[SourceTitle "CB16_2024"]
[SourceDate "2024.04.17"]
[SourceVersion "1"]
[SourceVersionDate "2024.04.17"]
[SourceQuality "1"]

1. e4 e5 2. Nf3 Nc6 3. Bb5 Nge7 4. 0-0 g6 5. c3 a6 6. Ba4 b5 7. Bb3 Bg7 8. d4 0-0 9. d5 Na7 10. d6 cxd6 11. Qxd6 Nac6 12. Rd1 Kh8 13. Ng5 Qe8 14. Rd3 h6 15. Rh3 f5 16. Be3 fxe4 17. g4 Bb7 18. Nd2 Nc8 19. Qc5 Rf6 20. Ndxe4 Rf8 21. Rd1 N8e7 22. Nd6 Qb8 23. Ndf7+ Rxf7 24. Nxf7+ Kh7 25. Nxh6 Bxh6 26. Bxh6 d5 27. Qxd5 Nxd5 28. Bxd5 g5 29. Bf7 1-0

[Event "Lesnica Pieniny op"]
[Site "Lesnica"]
[Date "2024.03.24"]
[Round "7"]
[White "Gollner, Martin"]
[Black "Verba, Vladimir"]
[Result "1-0"]
[WhiteElo "1924"]
[BlackElo "1897"]
[PlyCount "63"]
[EventDate "2024.03.21"]
[EventType "swiss"]
[EventRounds "7"]
[EventCountry "SVK"]
[SourceTitle "CB13_2024"]
[SourceDate "2024.03.27"]
[SourceVersion "1"]
[SourceVersionDate "2024.03.27"]
[SourceQuality "1"]

1. d4 d5 2. c4 dxc4 3. e4 Nc6 4. Nf3 Bg4 5. Be3 Nf6 6. e5 Nd5 7. Bxc4 e6 8. 0-0 Be7 9. a3 0-0 10. Nc3 f5 11. Bxd5 exd5 12. Qb3 f4 13. Nxd5 Be6 14. Nxe7+ Qxe7 15. d5 fxe3 16. dxe6 Rxf3 17. gxf3 e2 18. Rfe1 Nd4 19. Qxb7 Rf8 20. Kh1 Qh4 21. e7 Qxe7 22. Qd5+ Ne6 23. Rxe2 Kh8 24. Re3 Nf4 25. Qe4 Qh4 26. Rf1 Qh3 27. Rg1 Qh4 28. Rg3 Rd8 29. Re1 Qh6 30. Qf5 Nd3 31. Rf1 Qd2 32. Qg5 1-0

[Event "Lesnica Pieniny op"]
[Site "Lesnica"]
[Date "2024.03.23"]
[Round "5"]
[White "Mantic, Andrej"]
[Black "Gollner, Martin"]
[Result "0-1"]
[WhiteElo "1804"]
[BlackElo "1924"]
[PlyCount "86"]
[EventDate "2024.03.21"]
[EventType "swiss"]
[EventRounds "7"]
[EventCountry "SVK"]
[SourceTitle "CB13_2024"]
[SourceDate "2024.03.27"]
[SourceVersion "1"]
[SourceVersionDate "2024.03.27"]
[SourceQuality "1"]

1. d4 Nf6 2. e3 d5 3. Bd3 c5 4. c3 e6 5. f4 Nc6 6. Nf3 Bd6 7. Ne5 0-0 8. 0-0 Qc7 9. Nd2 Bd7 10. Rf3 Ne7 11. Rh3 g6 12. g4 a6 13. g5 Nh5 14. Be2 Ng7 15. Ng4 Ne8 16. Qe1 f5 17. Qh4 h5 18. Nf6+ Kf7 19. Nh7 Rh8 20. Bxh5 gxh5 21. g6+ Kg7 22. Qxh5 Ng8 23. Nf3 Nef6 24. Qh4 Be7 25. Qg3 Ne4 26. Qg2 Ngf6 27. Ne5 Be8 28. Ng5 Nxg5 29. Rxh8 Nf3+ 30. Nxf3 Kxh8 31. Qh3+ Kg7 32. Ng5 Qc6 33. Bd2 Bxg6 34. Kh1 Rh8 35. Qg2 Ng4 36. Nf3 Kf8 37. h3 Rxh3+ 38. Kg1 Rh7 39. Ne5 Nxe5 40. fxe5 Bh5 41. e4 dxe4 42. Re1 Qe8 43. Kf1 Bf3 0-1

[Event "SVK-ch U14"]
[Site "Dudince"]
[Date "2023.04.23"]
[Round "9"]
[White "Gollner, Martin"]
[Black "Demjan, David"]
[Result "1-0"]
[WhiteElo "1793"]
[BlackElo "1571"]
[PlyCount "87"]
[EventDate "2023.04.16"]
[EventType "swiss"]
[EventRounds "9"]
[EventCountry "SVK"]
[SourceTitle "CBM 213 Extra"]
[Source "ChessBase"]
[SourceDate "2023.05.31"]
[SourceVersion "1"]
[SourceVersionDate "2023.05.31"]
[SourceQuality "1"]

1. e4 g6 2. d4 Bg7 3. f4 c5 4. c3 cxd4 5. cxd4 e6 6. Nf3 Ne7 7. Nc3 a6 8. Be2 Nbc6 9. Rb1 d5 10. e5 Nf5 11. g4 Nh4 12. 0-0 Bd7 13. Be3 Nxf3+ 14. Rxf3 b5 15. Bd3 h5 16. Rh3 Qb6 17. Kh1 0-0-0 18. gxh5 Ne7 19. a4 b4 20. a5 Qb7 21. Na4 Bxa4 22. Qxa4 Kb8 23. Be2 Nf5 24. Bf2 Bf8 25. Rb3 Ka8 26. Rd1 gxh5 27. Rh3 Be7 28. Rxh5 Rxh5 29. Bxh5 f6 30. Bf3 fxe5 31. fxe5 Rf8 32. Be2 Nh4 33. Be3 Nf5 34. Bg1 Rh8 35. Qb3 Bg5 36. Rd3 Bf4 37. Rh3 Rg8 38. Qd3 Ka7 39. Qf3 Bc1 40. Qb3 Qc7 41. Bd3 Bf4 42. Bxf5 Qc1 43. Bg4 Bd2 44. Qf3 1-0

[Event "SVK-ch U14"]
[Site "Dudince"]
[Date "2023.04.17"]
[Round "2"]
[White "Gollner, Martin"]
[Black "Hasala, Richard"]
[Result "1-0"]
[WhiteElo "1793"]
[BlackElo "1790"]
[PlyCount "115"]
[EventDate "2023.04.16"]
[EventType "swiss"]
[EventRounds "9"]
[EventCountry "SVK"]
[SourceTitle "CBM 213 Extra"]
[Source "ChessBase"]
[SourceDate "2023.05.31"]
[SourceVersion "1"]
[SourceVersionDate "2023.05.31"]
[SourceQuality "1"]

1. e4 e5 2. Nf3 Nc6 3. Bb5 a6 4. Ba4 Nf6 5. 0-0 Be7 6. Re1 b5 7. Bb3 d6 8. c3 Nb8 9. d4 Nbd7 10. Bxf7+ Kxf7 11. Qb3+ Ke8 12. Ng5 Nf8 13. dxe5 h6 14. exf6 gxf6 15. Qf7+ Kd7 16. Nf3 Ne6 17. Na3 Qe8 18. Qxe8+ Kxe8 19. Nc2 Ng5 20. Bxg5 hxg5 21. a4 Bb7 22. axb5 axb5 23. Rxa8+ Bxa8 24. Nfd4 c5 25. Nxb5 Bc6 26. c4 Kf7 27. Nc3 Rb8 28. Rb1 Rb3 29. Na1 Rb7 30. f3 Bd8 31. Kf2 Ba5 32. Ne2 Ke6 33. Nc2 Ba4 34. Ne3 Bd2 35. Nf1 Bb4 36. b3 Bd7 37. Ra1 Ke7 38. Ne3 Be6 39. Ra6 Bd2 40. Ra3 Bb4 41. Ra2 Kd7 42. g3 Ke7 43. f4 Ke8 44. h4 gxh4 45. gxh4 Kf8 46. Ra6 Ke7 47. h5 Bd2 48. Nf1 Bb4 49. f5 Bg8 50. Ra8 Kf7 51. h6 Re7 52. Kf3 Re8 53. Ra6 Bh7 54. Rxd6 Ra8 55. Rd7+ Kg8 56. Ne3 Kh8 57. Nd5 Rf8 58. Nef4 1-0

[Event "SVK-ch U14"]
[Site "Dudince"]
[Date "2023.04.16"]
[Round "1"]
[White "Carnecky, Viliam"]
[Black "Gollner, Martin"]
[Result "1/2-1/2"]
[WhiteElo "1456"]
[BlackElo "1793"]
[PlyCount "74"]
[EventDate "2023.04.16"]
[EventType "swiss"]
[EventRounds "9"]
[EventCountry "SVK"]
[SourceTitle "CBM 213 Extra"]
[Source "ChessBase"]
[SourceDate "2023.05.31"]
[SourceVersion "1"]
[SourceVersionDate "2023.05.31"]
[SourceQuality "1"]

1. e4 e6 2. d4 d5 3. e5 c5 4. c3 Nc6 5. Nf3 Qb6 6. Be2 cxd4 7. cxd4 Nge7 8. Na3 Nf5 9. Nc2 Be7 10. 0-0 0-0 11. a3 a5 12. Qd3 Bd7 13. Be3 a4 14. Rab1 Na5 15. Bd2 Nb3 16. Bc3 Rfc8 17. Na1 f6 18. Nxb3 Qxb3 19. Bd2 Qb6 20. g4 Nh6 21. Bxh6 gxh6 22. Qe3 Be8 23. exf6 Bxf6 24. g5 hxg5 25. Nxg5 Bg6 26. Rbd1 e5 27. Nf3 e4 28. Ne5 Bxe5 29. dxe5 Qxe3 30. fxe3 Rc2 31. Rf2 Bf7 32. Rg2+ Kf8 33. Rf1 Ke7 34. Rg7 Rxe2 35. Rfxf7+ Ke6 36. Re7+ Kf5 37. Rgf7+ Kg6 1/2-1/2

[Event "EU Union-ch U14"]
[Site "Pec pod Snezkou"]
[Date "2022.08.27"]
[Round "6"]
[White "Orfila, Kristofer"]
[Black "Gollner, Martin"]
[Result "1-0"]
[WhiteElo "1723"]
[BlackElo "1771"]
[PlyCount "103"]
[EventDate "2022.08.22"]
[EventType "swiss"]
[EventRounds "9"]
[EventCountry "CZE"]
[SourceTitle "EXT 2023"]
[Source "ChessBase"]
[SourceDate "2022.10.05"]
[SourceVersion "1"]
[SourceVersionDate "2022.10.05"]
[SourceQuality "1"]

1. d4 d5 2. c4 Nc6 3. cxd5 Qxd5 4. Nf3 e5 5. Nc3 Bb4 6. dxe5 Qxd1+ 7. Kxd1 Bxc3 8. bxc3 Nge7 9. Bf4 Bg4 10. e3 Ng6 11. Be2 0-0-0+ 12. Kc2 Bxf3 13. Bxf3 Ncxe5 14. Bxe5 Nxe5 15. Be2 Rd6 16. Rad1 Rf6 17. f4 Nc6 18. Bg4+ Kb8 19. Rd7 Rd8 20. Rhd1 Rxd7 21. Rxd7 a6 22. g3 Na5 23. e4 Rg6 24. Bf5 Rf6 25. h3 g6 26. Bg4 h5 27. e5 Rb6 28. Be2 f5 29. g4 Kc8 30. Rg7 hxg4 31. hxg4 fxg4 32. Bxg4+ Kd8 33. Rd7+ Ke8 34. Rxc7 Nc6 35. Bf3 Kd8 36. Rh7 Ne7 37. Be4 Rb5 38. Rh6 g5 39. fxg5 Rxe5 40. Bxb7 a5 41. g6 Re6 42. Rh5 Kc7 43. Bf3 Kb6 44. g7 Rg6 45. Re5 Rxg7 46. Be2 Nc6 47. Rb5+ Kc7 48. Bf3 a4 49. Rc5 Rg6 50. Kd3 Rg3 51. Rxc6+ Kd7 52. Rf6 1-0

[Event "EU Union-ch U14"]
[Site "Pec pod Snezkou"]
[Date "2022.08.26"]
[Round "5"]
[White "Gollner, Martin"]
[Black "Buchta, Bartolomej"]
[Result "0-1"]
[WhiteElo "1771"]
[BlackElo "1701"]
[PlyCount "58"]
[EventDate "2022.08.22"]
[EventType "swiss"]
[EventRounds "9"]
[EventCountry "CZE"]
[SourceTitle "EXT 2023"]
[Source "ChessBase"]
[SourceDate "2022.10.05"]
[SourceVersion "1"]
[SourceVersionDate "2022.10.05"]
[SourceQuality "1"]

1. e4 c5 2. Nc3 e6 3. Nge2 a6 4. g3 g6 5. Bg2 Bg7 6. 0-0 Ne7 7. b3 0-0 8. Bb2 Nbc6 9. Na4 Bxb2 10. Nxb2 b5 11. d4 cxd4 12. Nxd4 Bb7 13. a4 Nxd4 14. Qxd4 d5 15. Rfd1 Rc8 16. axb5 axb5 17. Ra7 Nc6 18. Qc5 Nxa7 19. Qxa7 Ba8 20. Rd2 Qf6 21. Nd1 dxe4 22. Ne3 Rfd8 23. Re2 Qc3 24. Ng4 Rd1+ 25. Bf1 Qf3 26. Nh6+ Kg7 27. Re3 Rxf1+ 28. Kxf1 Qh1+ 29. Ke2 Rxc2# 0-1

[Event "EU Union-ch U14"]
[Site "Pec pod Snezkou"]
[Date "2022.08.24"]
[Round "3"]
[White "Gollner, Martin"]
[Black "Arshinkova, Boryana"]
[Result "1-0"]
[WhiteElo "1771"]
[BlackElo "1483"]
[PlyCount "57"]
[EventDate "2022.08.22"]
[EventType "swiss"]
[EventRounds "9"]
[EventCountry "CZE"]
[SourceTitle "EXT 2023"]
[Source "ChessBase"]
[SourceDate "2022.10.05"]
[SourceVersion "1"]
[SourceVersionDate "2022.10.05"]
[SourceQuality "1"]

1. e4 c5 2. Nf3 Nc6 3. d4 cxd4 4. Nxd4 Nf6 5. Nc3 g6 6. Nxc6 bxc6 7. e5 Ng8 8. Bc4 Bg7 9. Qf3 e6 10. Bf4 f6 11. Ne4 Qa5+ 12. Bd2 Qxe5 13. Bc3 Qh5 14. g4 Qh4 15. Nd6+ Kf8 16. Bb4 Ne7 17. Qa3 f5 18. gxf5 gxf5 19. 0-0-0 Kg8 20. Rhg1 Ng6 21. Kb1 Rb8 22. Bc3 Bf8 23. Bxe6+ dxe6 24. Qxa7 Rb7 25. Nxb7 Bg7 26. Bxg7 Kxg7 27. Nd6+ Kf6 28. Qf7+ Ke5 29. Rge1+ 1-0

[Event "Liptovsky Jan op"]
[Site "Liptovsky Jan"]
[Date "2022.06.26"]
[Round "7"]
[White "Ropovik, Samuel"]
[Black "Gollner, Martin"]
[Result "1-0"]
[WhiteElo "1475"]
[BlackElo "1809"]
[PlyCount "101"]
[EventDate "2022.06.23"]
[EventType "swiss"]
[EventRounds "7"]
[EventCountry "SVK"]
[SourceTitle "CBM 209 Extra"]
[Source "ChessBase"]
[SourceDate "2022.09.30"]
[SourceVersion "1"]
[SourceVersionDate "2022.09.30"]
[SourceQuality "1"]

1. e4 c5 2. Nf3 e6 3. d4 cxd4 4. Nxd4 Nc6 5. Nc3 Bc5 6. Ndb5 a6 7. Nd6+ Bxd6 8. Qxd6 Nge7 9. Be3 b5 10. 0-0-0 0-0 11. f3 Qa5 12. Kb1 b4 13. Ne2 Bb7 14. Nc1 Rfd8 15. Nb3 Qe5 16. Nc5 Qxd6 17. Rxd6 Bc8 18. Be2 f5 19. Rhd1 e5 20. Ne6 dxe6 21. Rxd8+ Nxd8 22. Rxd8+ Kf7 23. Rd6 Ng6 24. Bc4 f4 25. Bc5 a5 26. Bf2 Nf8 27. Be1 Ke7 28. Rb6 Ra7 29. c3 Rc7 30. Bb3 bxc3 31. Bxc3 Rc5 32. Rb8 Nd7 33. Ra8 Kf6 34. Rxa5 Rxa5 35. Bxa5 Ba6 36. Bb4 Bf1 37. g3 Be2 38. Kc2 g5 39. a4 Bxf3 40. Kd3 Bg2 41. a5 Bf1+ 42. Kd2 Nb8 43. Bc2 Na6 44. Bd6 f3 45. Bd3 Bxd3 46. Kxd3 g4 47. b4 h5 48. b5 Kg5 49. bxa6 h4 50. a7 f2 51. Ke2 1-0

[Event "SVK-ch U14"]
[Site "Stara Lubovna"]
[Date "2022.05.25"]
[Round "6"]
[White "Gollner, Martin"]
[Black "Durana, Jonas"]
[Result "0-1"]
[WhiteElo "1585"]
[BlackElo "1644"]
[PlyCount "92"]
[EventDate "2022.05.21"]
[EventType "swiss"]
[EventRounds "9"]
[EventCountry "SVK"]
[SourceTitle "CBM 208 Extra"]
[Source "ChessBase"]
[SourceDate "2022.07.31"]
[SourceVersion "1"]
[SourceVersionDate "2022.07.31"]
[SourceQuality "1"]

1. e4 c5 2. Nf3 d6 3. d4 cxd4 4. Nxd4 Nf6 5. Nc3 a6 6. f3 e5 7. Nb3 Be6 8. Be3 Nc6 9. Qd2 Ne7 10. Bg5 Rc8 11. Bxf6 gxf6 12. 0-0-0 Ng6 13. Nd5 h5 14. Qb4 Bxd5 15. Rxd5 Qc7 16. c3 Nf4 17. Rd1 b5 18. Kb1 h4 19. Qa5 Qxa5 20. Nxa5 Rc7 21. Rd2 Rg8 22. c4 b4 23. Kc2 Be7 24. Kb3 Kd7 25. Kxb4 d5+ 26. Kc3 d4+ 27. Kc2 Bb4 28. Nb3 Bxd2 29. Kxd2 Ne6 30. Nc1 Rb8 31. b3 Nc5 32. g3 Rcb7 33. g4 a5 34. Be2 a4 35. Bd1 axb3 36. axb3 Nxb3+ 37. Nxb3 Rxb3 38. Bxb3 Rxb3 39. Ke2 Rb2+ 40. Kd3 Rf2 41. Ra1 Rxf3+ 42. Ke2 Rc3 43. Ra7+ Ke8 44. Ra8+ Ke7 45. Ra7+ Kf8 46. Ra8+ Kg7 0-1

[Event "SVK-ch U14"]
[Site "Stara Lubovna"]
[Date "2022.05.21"]
[Round "1"]
[White "Toth, Marton1111"]
[Black "Gollner, Martin"]
[Result "0-1"]
[WhiteElo "1041"]
[BlackElo "1585"]
[PlyCount "92"]
[EventDate "2022.05.21"]
[EventType "swiss"]
[EventRounds "9"]
[EventCountry "SVK"]
[SourceTitle "CBM 208 Extra"]
[Source "ChessBase"]
[SourceDate "2022.07.31"]
[SourceVersion "1"]
[SourceVersionDate "2022.07.31"]
[SourceQuality "1"]

1. d4 Nf6 2. c4 c5 3. e3 cxd4 4. exd4 d5 5. Nf3 Nc6 6. Nc3 Bg4 7. cxd5 Bxf3 8. Qxf3 Nxd4 9. Qd3 e5 10. Be3 Bc5 11. Bxd4 Bxd4 12. Qb5+ Qd7 13. Qxd7+ Kxd7 14. Nb5 Bb6 15. g3 Rac8 16. Bh3+ Ke7 17. d6+ Kd8 18. Bxc8 Kxc8 19. Rc1+ Kd7 20. Nc3 Kxd6 21. 0-0 h5 22. h3 Nh7 23. Rfd1+ Ke6 24. Ne4 f5 25. Nc5+ Kf6 26. Rd6+ Kf7 27. Rd7+ Kg6 28. Nxb7 Nf6 29. Rc6 h4 30. Kg2 hxg3 31. fxg3 Rb8 32. Re7 e4 33. Nd6 e3 34. Nc4 Bd4 35. Nxe3 Rxb2+ 36. Rc2 Rb5 37. Rc6 Ra5 38. a3 Rxa3 39. Nc2 Ra2 40. Kf3 Bb6 41. Ne3 Bd4 42. Rd7 Bb6 43. g4 f4 44. Nd1 Ra3+ 45. Rc3 Rxc3+ 46. Nxc3 Nxd7 0-1

[Event "EU-ch Schools U13"]
[Site "Tornelo INT"]
[Date "2021.12.04"]
[Round "5"]
[White "Gollner, Martin"]
[Black "Kiladze, Luka"]
[Result "0-1"]
[WhiteElo "1479"]
[BlackElo "1703"]
[PlyCount "116"]
[EventDate "2021.12.03"]
[EventType "swiss (rapid)"]
[EventRounds "7"]
[EventCountry "NET"]
[SourceTitle "EXT 2023"]
[Source "ChessBase"]
[SourceDate "2022.10.05"]
[SourceVersion "1"]
[SourceVersionDate "2022.10.05"]
[SourceQuality "1"]

1. e4 c5 2. Nf3 e6 3. d4 cxd4 4. Nxd4 a6 5. Nc3 Qc7 6. a3 b5 7. Be3 Bb7 8. f3 Nf6 9. Qd2 d6 10. Be2 Nbd7 11. g4 Nb6 12. h4 Be7 13. h5 Nfd7 14. g5 Ne5 15. b3 Rc8 16. Na2 d5 17. f4 Ned7 18. e5 Nc5 19. 0-0-0 Ne4 20. Qd3 Nc4 21. b4 Ng3 22. Rh3 Nxe3 23. Qxe3 Nf5 24. Qc3 Qb6 25. Qb2 Nxd4 26. Qxd4 Qc6 27. Rc3 Qd7 28. Rxc8+ Qxc8 29. Nc3 0-0 30. a4 bxa4 31. Nxa4 Qc6 32. Nb2 Rb8 33. g6 fxg6 34. hxg6 h6 35. Bg4 Bc8 36. Nd3 Bd7 37. Rf1 Rc8 38. Rf2 Qa4 39. Nb2 Qxb4 40. Qxb4 Bxb4 41. f5 exf5 42. Bxf5 Bxf5 43. Rxf5 Ba3 44. Rf2 Rb8 45. c3 Bxb2+ 46. Rxb2 Rxb2 47. Kxb2 Kf8 48. Kc2 Ke7 49. Kd3 Ke6 50. c4 dxc4+ 51. Kxc4 Kxe5 52. Kb4 h5 53. Ka5 h4 54. Kxa6 h3 55. Kb7 h2 56. Kc7 h1Q 57. Kd7 Qg2 58. Ke7 Qxg6 0-1

[Event "SVK-chT2C 2122"]
[Site "Slovakia"]
[Date "2021.10.16"]
[Round "1.8"]
[White "Longauer, Igor"]
[Black "Gollner, Martin"]
[Result "0-1"]
[WhiteElo "1675"]
[BlackElo "1479"]
[PlyCount "60"]
[EventDate "2021.10.16"]
[EventType "team-tourn"]
[EventRounds "11"]
[EventCountry "SVK"]
[SourceTitle "EXT 2023"]
[Source "ChessBase"]
[SourceDate "2022.10.05"]
[SourceVersion "1"]
[SourceVersionDate "2022.10.05"]
[SourceQuality "1"]
[WhiteTeam "Detva"]
[BlackTeam "Liptov Chess School III"]
[WhiteTeamCountry "SVK"]
[BlackTeamCountry "SVK"]

1. e4 c5 2. Nf3 e6 3. d4 cxd4 4. Nxd4 Nc6 5. Be3 Nf6 6. f3 Be7 7. c4 d5 8. exd5 Nxd4 9. Bxd4 exd5 10. Nc3 dxc4 11. Bxc4 0-0 12. 0-0 Bf5 13. Rc1 Rc8 14. Bb3 Qa5 15. Qe1 Rfe8 16. Qf2 Nd7 17. Nd5 Bf8 18. Rc3 Nc5 19. Ne3 Nxb3 20. axb3 Be6 21. Rfc1 Rxc3 22. Rxc3 Qa1+ 23. Qf1 Qxb2 24. Qd3 Qa1+ 25. Kf2 Rd8 26. Kg3 Qe1+ 27. Kf4 Bd6+ 28. Kg5 Be7+ 29. Kf4 g5+ 30. Ke5 Rd5+ 0-1

[Event "SVK-ch U12"]
[Site "Stara Lubovna"]
[Date "2021.06.28"]
[Round "3"]
[White "Strapec, Lukas"]
[Black "Gollner, Martin"]
[Result "1-0"]
[WhiteElo "1705"]
[BlackElo "1410"]
[PlyCount "91"]
[EventDate "2021.06.26"]
[EventType "swiss"]
[EventRounds "9"]
[EventCountry "SVK"]
[SourceTitle "CBM 203 Extra"]
[Source "ChessBase"]
[SourceDate "2021.09.30"]
[SourceVersion "1"]
[SourceVersionDate "2021.09.30"]
[SourceQuality "1"]

1. Nf3 d5 2. d4 c5 3. dxc5 e6 4. e4 Bxc5 5. exd5 exd5 6. Nc3 Ne7 7. Be2 0-0 8. Bf4 Qb6 9. 0-0 Qxb2 10. Nxd5 Nxd5 11. Qxd5 Qb4 12. Bd2 Qb6 13. Rae1 Be6 14. Qe4 Re8 15. Ng5 g6 16. Bc4 Bxc4 17. Qxe8+ Kg7 18. Bc3+ Bd4 19. Qe3 Nc6 20. Nf3 Rd8 21. Nxd4 Nxd4 22. Bxd4+ Rxd4 23. Rd1 Rxd1 24. Rxd1 Qb5 25. Qc3+ Kh6 26. a3 Qh5 27. Qh3 b5 28. Qxh5+ Kxh5 29. f3 a5 30. c3 a4 31. Kf2 Kg5 32. Ke3 Kf5 33. Rd4 Ke5 34. g3 f6 35. f4+ Kf5 36. Kf3 h5 37. h3 h4 38. g4+ Ke6 39. Rxc4 bxc4 40. Ke4 Kd6 41. Kd4 Ke6 42. Kxc4 g5 43. fxg5 fxg5 44. Kd4 Kd6 45. c4 Kc6 46. c5 1-0

[Event "SVK League Cup 1st"]
[Site "Tornelo INT"]
[Date "2021.04.10"]
[Round "5"]
[White "Gollner, Martin"]
[Black "Jurky, Marian"]
[Result "0-1"]
[WhiteElo "1410"]
[BlackElo "1506"]
[PlyCount "98"]
[EventDate "2021.03.27"]
[EventType "swiss"]
[EventRounds "8"]
[EventCountry "SVK"]
[SourceTitle "EXT 2022"]
[Source "ChessBase"]
[SourceDate "2021.10.06"]
[SourceVersion "1"]
[SourceVersionDate "2021.10.06"]
[SourceQuality "1"]

1. e4 d5 2. exd5 Nf6 3. Nc3 Nxd5 4. Nf3 Nxc3 5. dxc3 Qxd1+ 6. Kxd1 Nc6 7. Bd3 Bg4 8. Be4 0-0-0+ 9. Ke2 Ne5 10. Bf4 Nxf3 11. Bxf3 Bxf3+ 12. Kxf3 e6 13. Rad1 Be7 14. Rd3 Rd7 15. Rxd7 Kxd7 16. Rd1+ Kc8 17. a4 Rd8 18. Rxd8+ Kxd8 19. b4 a6 20. b5 axb5 21. axb5 c6 22. c4 f5 23. Be5 Bf6 24. Bxf6+ gxf6 25. Kf4 Ke7 26. bxc6 bxc6 27. c5 Kf7 28. g4 fxg4 29. Kxg4 Kg6 30. h4 f5+ 31. Kf4 Kf6 32. c3 e5+ 33. Ke3 Kg6 34. Kf3 Kh5 35. Kg3 f4+ 36. Kf3 Kxh4 37. Ke4 Kg4 38. Kxe5 h5 39. Kd6 h4 40. Kxc6 h3 41. Kd6 h2 42. c6 h1Q 43. c7 Qb7 44. Kd7 Kf3 45. Kd8 Qd5+ 46. Ke7 Qc6 47. Kd8 Qxc3 48. c8Q Qxc8+ 49. Kxc8 Kxf2 0-1

[Event "SVK League Cup 1st"]
[Site "Tornelo INT"]
[Date "2021.04.04"]
[Round "4"]
[White "Gollner, Martin"]
[Black "Priechodsky, Radovan"]
[Result "0-1"]
[WhiteElo "1410"]
[BlackElo "2068"]
[PlyCount "92"]
[EventDate "2021.03.27"]
[EventType "swiss"]
[EventRounds "8"]
[EventCountry "SVK"]
[SourceTitle "EXT 2022"]
[Source "ChessBase"]
[SourceDate "2021.10.06"]
[SourceVersion "1"]
[SourceVersionDate "2021.10.06"]
[SourceQuality "1"]

1. e4 c5 2. Nf3 d6 3. d4 cxd4 4. Nxd4 Nf6 5. Nc3 a6 6. f3 e5 7. Nb3 Be7 8. Be3 Be6 9. Nd5 Bxd5 10. exd5 Nbd7 11. Qd2 Nb6 12. Bxb6 Qxb6 13. 0-0-0 Rc8 14. Bd3 h6 15. g4 Ne4 16. Qa5 Qe3+ 17. Kb1 Nf2 18. Bf5 Nxd1 19. Bxc8 0-0 20. Bxb7 Qxf3 21. Qe1 Ne3 22. Nd2 Qf4 23. Qe2 Rb8 24. Bxa6 Qb4 25. Nb3 Bg5 26. h4 Bf4 27. g5 Qa4 28. gxh6 Bxh6 29. h5 Ra8 30. a3 Qxa6 31. Qf3 Qc4 32. Rh2 Qf4 33. Qxf4 Bxf4 34. Rh3 Rc8 35. Nd2 Rxc2 36. Ne4 Re2 37. Nxd6 Rd2 38. Nc8 Nxd5 39. a4 e4 40. Ka2 e3 41. Rh1 e2 42. a5 Bg3 43. a6 Nb4+ 44. Kb3 Nxa6 45. Kc3 Rd1 46. Ne7+ Kf8 0-1

[Event "SVK League Cup 1st"]
[Site "Tornelo INT"]
[Date "2021.04.03"]
[Round "3"]
[White "Sivcak, Matej"]
[Black "Gollner, Martin"]
[Result "0-1"]
[WhiteElo "1865"]
[BlackElo "1410"]
[PlyCount "82"]
[EventDate "2021.03.27"]
[EventType "swiss"]
[EventRounds "8"]
[EventCountry "SVK"]
[SourceTitle "EXT 2022"]
[Source "ChessBase"]
[SourceDate "2021.10.06"]
[SourceVersion "1"]
[SourceVersionDate "2021.10.06"]
[SourceQuality "1"]

1. d4 Nf6 2. c4 c5 3. d5 b5 4. cxb5 a6 5. e3 axb5 6. Bxb5 Bb7 7. Nc3 Qb6 8. Nf3 g6 9. Ne5 Bg7 10. Nc4 Qc7 11. d6 exd6 12. Nxd6+ Ke7 13. Nxb7 Qxb7 14. 0-0 Nc6 15. e4 Kd8 16. Qd6 Nd4 17. Bg5 Ne6 18. Bxf6+ Bxf6 19. Rfd1 Ra7 20. Bxd7 Qxd7 21. Qb6+ Ke8 22. Rxd7 Rxd7 23. Qc6 Bd4 24. Nb5 Ke7 25. Re1 Rhd8 26. Nc3 Nf4 27. g3 Nh3+ 28. Kg2 Nxf2 29. e5 Nd3 30. Qf6+ Kf8 31. Re2 Re8 32. Qh8+ Ke7 33. Qxh7 Nxe5 34. Ne4 Rc7 35. Qg7 Kd8 36. Qf6+ Ree7 37. Qd6+ Kc8 38. Qd5 Ng4 39. Nd6+ Kb8 40. Rxe7 Rxe7 41. Ne4 Ne3+ 0-1

[Event "SVK League Cup 1st"]
[Site "Tornelo INT"]
[Date "2021.03.28"]
[Round "2"]
[White "Gollner, Martin"]
[Black "Mundier, Kristian"]
[Result "1-0"]
[WhiteElo "1410"]
[BlackElo "1000"]
[PlyCount "63"]
[EventDate "2021.03.27"]
[EventType "swiss"]
[EventRounds "8"]
[EventCountry "SVK"]
[SourceTitle "EXT 2022"]
[Source "ChessBase"]
[SourceDate "2021.10.06"]
[SourceVersion "1"]
[SourceVersionDate "2021.10.06"]
[SourceQuality "1"]

1. e4 e5 2. Nf3 Nc6 3. Bc4 Bc5 4. c3 Nf6 5. d4 d6 6. dxc5 dxc5 7. Qxd8+ Nxd8 8. Nxe5 Be6 9. Bxe6 Nxe6 10. f3 0-0 11. 0-0 Rad8 12. Na3 b6 13. Be3 a6 14. Rad1 b5 15. Rd3 a5 16. Rfd1 b4 17. Rxd8 Nxd8 18. Nb5 Ne6 19. cxb4 cxb4 20. Nd7 Rd8 21. Nxf6+ Kh8 22. Rxd8+ Nxd8 23. Ng4 Nb7 24. Ne5 c5 25. Nxf7+ Kg8 26. Nfd6 Nd8 27. Bxc5 Nc6 28. f4 a4 29. e5 b3 30. axb3 axb3 31. e6 Na5 32. e7 1-0